000 00976nam a22002057a 4500
003 BD-DhCDI
005 20260330055505.0
008 260330b bg ||||| |||| 00| 0 ben d
020 _a9789843587862
_qHard Cover
040 _aBD-DhCDI
_bBD-DhCDI
_cBD-DhCDI
082 _223
_a891.441
_bNAR 2026
110 _aবাংলাদেশ খ্রিস্টান লেখক ফোরাম
_eপ্রকাশক
_91292
245 _aনারীর ভুবন :
_bখ্রিস্টান নারী কবিদের নির্বাচিত কবিতা সংকলন /
_cবাংলাদেশ খ্রিস্টান লেখক ফোরাম
246 _aNarir Vubon
260 _aBangladesh;
_bবাংলাদেশ খ্রিস্টান লেখক ফোরাম,
_c2026.
300 _a56 p.:
_c22 cm.
650 _aBengali Poetry
_91769
651 _a(বাংলা কবিতা)
_xBengali literature
_91770
942 _2ddc
_cBK
999 _c948
_d948